00529nam a2200133Ia 4500008004100000100001800041245008400059260007500143500004700218546001200265942000700277999001700284952009400301220512s9999 xx 000 0 eng d aDas, Girdhari 0aTribal Land Alienation in the State of Orissa : A sample Study /cGirdhari Dash aVikas Nagar, Lucknow :bBL Centre for development research and action, aA Summary of the project financed by ICSSR aEnglish cPR c35796d35796 001040708WPaNASSDOCbNASSDOCd2022-05-12l0pP58r2022-05-12 00:00:00w2022-05-12yPR